Statistics for Counties of Utah

Click here to take the quiz!

General Stats

  • This quiz has been taken 7,408 times
  • The average score is 17 of 29

Answers on the Map

Answers color-coded by a green-red scale on the quiz's map according to % correct below.
Loading ...
 

Answer Stats

County% Correct
Salt Lake
94%
Utah
82%
Washington
78%
Box Elder
71%
Cache
65%
Davis
65%
Tooele
64%
San Juan
64%
Weber
61%
Summit
61%
Juab
61%
Iron
60%
Uintah
57%
Beaver
57%
Carbon
56%
Wasatch
55%
Daggett
54%
Millard
54%
Rich
53%
Kane
53%
Grand
53%
Sanpete
53%
Garfield
52%
Piute
51%
Emery
51%
Duchesne
50%
Morgan
50%
Sevier
47%
Wayne
44%

Score Distribution

Percentile by Number Answered

Percent of People with Each Score

Your Score History

You have not taken this quiz